000 00444nam a22001697a 4500
003 OSt
008 230306b |||||||| |||| 00| 0 eng d
020 _a9789381450093
041 _aeng
082 _a664.9497
_bNAM/AD
245 _aAdvance in Harvest and Post Harvest Technology of Fish
260 _aNew Delhi
_bNew India Publishing Agency
_c2012
300 _a442
700 _aNambudiri,D.D
_9656
700 _aPeter,K.V
_9305
942 _cBK
999 _c14406
_d14406